OCP Oracle 9i Database: Fundamentals I Exam Guide (Record no. 1087)

MARC details
000 -LEADER
Fixed length control field 00496nam a2200169 4500
003 - CONTROL NUMBER IDENTIFIER
Control field SEACOMEC
005 - DATE AND TIME OF LATEST TRANSACTION
Control field 20240514152547.0
008 - FIXED-LENGTH DATA ELEMENTS--GENERAL INFORMATION
Fixed length control field 240514b |||||||| |||| 00| 0 eng d
020 ## - INTERNATIONAL STANDARD BOOK NUMBER / ISBN
Price 275.00
040 ## - CATALOGING SOURCE
Original cataloging agency SEACOMEC
082 ## - DEWEY DECIMAL CLASSIFICATION NUMBER
Classification number 005.74
Book Number C853
100 ## - MAIN ENTRY--PERSONAL NAME
Personal name Couchman, Jason S.
245 ## - TITLE STATEMENT
Title OCP Oracle 9i Database: Fundamentals I Exam Guide
Statement of responsibility Jason S. Couchman and Sudheer N. Marisetti,
260 ## - IMPRINT
Place of publication New Delhi
Name of publisher Tata McGraw-Hill
Date of publication 2004
700 ## - ADDED ENTRY--PERSONAL NAME
Personal name Marisetti, Sudheer N.
942 ## - ADDED ENTRY ELEMENTS (KOHA)
Koha item type Books
Holdings
Withdrawn status Lost status Source of classification Damaged status Not for loan Home library Current library Date acquired Total Checkouts Call number Accession number Date last seen Price effective from Koha item type
    Dewey Decimal Classification     SEACOM ENGINEERING COLLEGE SEACOM ENGINEERING COLLEGE 14/05/2024   005.74 C853 5433 14/05/2024 14/05/2024 Books
© Seacom Engineering College, All rights reserved.      Powered by Koha